[Event "Arber Seniors op 6th"]
[Site "Bayerisch Eisenstein"]
[Date "2018.08.04"]
[Round "8"]
[White "Slacik, Johann"]
[Black "Gross Winter, Guenter"]
[Result "1-0"]
[WhiteElo "1772"]
[BlackElo "1577"]
[PlyCount "139"]
[EventDate "2018.07.28"]
[EventType "swiss"]
[EventRounds "9"]
[EventCountry "GER"]
[SourceTitle "CBM 185 Extra"]
[Source "ChessBase"]
[SourceDate "2018.07.29"]
[SourceVersion "1"]
[SourceVersionDate "2018.07.29"]
[SourceQuality "1"]

1. d4 Nf6 2. Nf3 e6 3. c4 d5 4. Bg5 Be7 5. Nc3 h6 6. Bxf6 Bxf6 7. cxd5 exd5 8. Qa4+ c6 9. e3 0-0 10. Qc2 Bg4 11. Be2 Nd7 12. Rc1 Re8 13. 0-0 Bh4 14. Ne1 Bxe2 15. Nxe2 Qe7 16. Qb3 Rab8 17. Nd3 Bg5 18. Nc5 Nxc5 19. Rxc5 f5 20. Rc2 Rf8 21. Rc3 Rbe8 22. g3 Rf7 23. a3 Qe4 24. Qc2 Qf3 25. Qd1 Qe4 26. Qc2 Qg4 27. Kg2 f4 28. f3 Qh5 29. exf4 Rfe7 30. Rf2 Bf6 31. Qd2 g5 32. g4 Qg6 33. f5 Qg7 34. Rd3 h5 35. Ng3 hxg4 36. fxg4 Qh8 37. Nh5 Re4 38. Nxf6+ Qxf6 39. h3 Kf7 40. b4 b5 41. Qc3 Qd6 42. Qd2 Kf6 43. Rg3 Qe7 44. h4 Rg8 45. hxg5+ Rxg5 46. Kf3 Qg7 47. Rh2 Rexg4 48. Rxg4 Rxg4 49. Qh6+ Qxh6 50. Rxh6+ Kxf5 51. Rxc6 Rxd4 52. Ra6 Rd3+ 53. Ke2 Ke4 54. Rxa7 Kd4 55. a4 Ra3 56. a5 Ra4 57. Ra8 Rxb4 58. a6 Rb2+ 59. Kd1 Kd3 60. Kc1 Rc2+ 61. Kb1 Rc4 62. a7 Ra4 63. Kb2 d4 64. Kb3 Kd2 65. Kb2 d3 66. Kb3 Kd1 67. Kb2 d2 68. Kb3 Ra1 69. Kb2 b4 70. Kxa1 1-0

[Event "Arber Seniors op 6th"]
[Site "Bayerisch Eisenstein"]
[Date "2018.08.03"]
[Round "7"]
[White "Voeller, Lothar"]
[Black "Slacik, Johann"]
[Result "1/2-1/2"]
[WhiteElo "1689"]
[BlackElo "1772"]
[PlyCount "99"]
[EventDate "2018.07.28"]
[EventType "swiss"]
[EventRounds "9"]
[EventCountry "GER"]
[SourceTitle "CBM 185 Extra"]
[Source "ChessBase"]
[SourceDate "2018.07.29"]
[SourceVersion "1"]
[SourceVersionDate "2018.07.29"]
[SourceQuality "1"]

1. Nf3 Nf6 2. c4 e6 3. b3 b6 4. g3 Bb7 5. Bg2 g6 6. 0-0 Bg7 7. Nc3 Ne4 8. Bb2 Nxc3 9. Bxc3 Bxc3 10. dxc3 0-0 11. e3 Qf6 12. Qd4 Qxd4 13. cxd4 Bxf3 14. Bxf3 c6 15. d5 a5 16. Rfd1 Ra7 17. dxc6 dxc6 18. Rd6 Rc7 19. Rad1 Rfc8 20. h4 Kf8 21. Kg2 Ke7 22. g4 Rd7 23. Rxd7+ Nxd7 24. Kg3 b5 25. Be2 b4 26. f4 c5 27. e4 Ra8 28. e5 f6 29. Bf3 Ra7 30. exf6+ Kxf6 31. Bc6 Nb6 32. Rd8 a4 33. Rb8 axb3 34. axb3 Nd7 35. Rb5 Ke7 36. Bxd7 Rxd7 37. Rxc5 Rd3+ 38. Kf2 Rxb3 39. Rc7+ Kf6 40. Rxh7 Rc3 41. Rc7 b3 42. Rb7 Rc2+ 43. Ke3 Rxc4 44. Rxb3 Rc1 45. Rb5 Rh1 46. h5 gxh5 47. Rxh5 Rxh5 48. gxh5 e5 49. Ke4 exf4 50. Kxf4 1/2-1/2

[Event "Arber Seniors op 6th"]
[Site "Bayerisch Eisenstein"]
[Date "2018.07.29"]
[Round "2"]
[White "Slacik, Johann"]
[Black "Glatz, Volker"]
[Result "1/2-1/2"]
[WhiteElo "1772"]
[BlackElo "1540"]
[PlyCount "55"]
[EventDate "2018.07.28"]
[EventType "swiss"]
[EventRounds "9"]
[EventCountry "GER"]
[SourceTitle "CBM 185 Extra"]
[Source "ChessBase"]
[SourceDate "2018.07.29"]
[SourceVersion "1"]
[SourceVersionDate "2018.07.29"]
[SourceQuality "1"]

1. d4 Nf6 2. Nf3 e6 3. c4 Be7 4. Nbd2 0-0 5. e4 d6 6. Bd3 Nc6 7. 0-0 Re8 8. Nb3 b6 9. a3 h6 10. Qc2 e5 11. d5 Nb8 12. Ne1 Nh5 13. g3 Bh3 14. Ng2 Bg5 15. Be2 Nf6 16. Bxg5 hxg5 17. Nd2 Nbd7 18. b4 Nf8 19. f3 Ng6 20. Rfc1 Bd7 21. c5 dxc5 22. bxc5 bxc5 23. Qxc5 c6 24. d6 Qb6 25. Rab1 Qxc5+ 26. Rxc5 Reb8 27. Rxb8+ Rxb8 28. Kf2 1/2-1/2

[Event "Arber op Seniors 4th"]
[Site "Bodenmais"]
[Date "2016.07.30"]
[Round "1"]
[White "Slacik, Johann"]
[Black "Thonig, Manfred"]
[Result "1/2-1/2"]
[WhiteElo "1845"]
[BlackElo "1592"]
[PlyCount "48"]
[EventDate "2016.07.30"]
[EventType "swiss"]
[EventRounds "9"]
[EventCountry "GER"]
[SourceTitle "EXT 2017"]
[Source "ChessBase"]
[SourceDate "2016.10.25"]
[SourceVersion "1"]
[SourceVersionDate "2016.10.25"]
[SourceQuality "1"]

1. d4 e6 2. c4 Bb4+ 3. Nd2 Nf6 4. a3 Be7 5. e4 d6 6. Be2 0-0 7. Ngf3 b6 8. 0-0 Bb7 9. Qc2 c5 10. b3 Na6 11. Bd3 g6 12. Re1 cxd4 13. Nxd4 e5 14. Nf5 gxf5 15. exf5 Nc5 16. Bf1 Rc8 17. Qb2 Qd7 18. Qb1 Kh8 19. b4 Na6 20. Bb2 Rg8 21. Qd3 Nb8 22. Nf3 Bxf3 23. Qxf3 Nc6 24. Rad1 Ng4 1/2-1/2

[Event "Arber op Seniors 2nd"]
[Site "Bayerisch Eisenstein"]
[Date "2014.08.22"]
[Round "7"]
[White "Scheuerlein, Gerhard"]
[Black "Slacik, Johann"]
[Result "1/2-1/2"]
[WhiteElo "1813"]
[BlackElo "1864"]
[PlyCount "25"]
[EventDate "2014.08.16"]
[EventType "swiss"]
[EventRounds "9"]
[EventCountry "GER"]
[SourceTitle "EXT 2016"]
[Source "ChessBase"]
[SourceDate "2015.10.08"]
[SourceVersion "1"]
[SourceVersionDate "2015.10.08"]
[SourceQuality "1"]

1. d4 d5 2. c4 e6 3. Nc3 Nf6 4. Nf3 c6 5. cxd5 exd5 6. e3 Bd6 7. Bd3 0-0 8. Qc2 Re8 9. h3 Nbd7 10. a3 Nf8 11. Bd2 Bd7 12. b4 b5 13. Bf5 1/2-1/2

[Event "Bad Griesbach Seniors op 14th"]
[Site "Bad Griesbach"]
[Date "2011.12.06"]
[Round "3"]
[White "Macura, Emil"]
[Black "Slacik, Johann"]
[Result "1-0"]
[WhiteElo "2229"]
[BlackElo "1576"]
[PlyCount "73"]
[EventDate "2011.12.04"]
[EventType "swiss"]
[EventRounds "7"]
[EventCountry "GER"]
[SourceTitle "EXT 2015"]
[Source "ChessBase"]
[SourceDate "2014.11.20"]
[SourceVersion "1"]
[SourceVersionDate "2014.11.20"]
[SourceQuality "1"]

1. d4 d5 2. c4 e6 3. Nc3 c6 4. e3 Nf6 5. Nf3 Nbd7 6. Bd3 g6 7. 0-0 Bg7 8. Qe2 0-0 9. b3 Re8 10. Ne5 Qc7 11. f4 c5 12. Qf3 dxc4 13. bxc4 a6 14. Rb1 Ra7 15. Bd2 Qd6 16. Ne2 b6 17. Bc3 Bb7 18. Qh3 Ne4 19. Bxe4 Bxe4 20. Rbd1 b5 21. dxc5 Qe7 22. Nxd7 Rxd7 23. Bxg7 Kxg7 24. cxb5 axb5 25. Nd4 Ra8 26. Rd2 Rc7 27. c6 f5 28. Rc1 Bd5 29. Qg3 b4 30. Qe1 Rxa2 31. Rxa2 Bxa2 32. Nb5 Rc8 33. Qd2 Bd5 34. Qd4+ Kh6 35. c7 b3 36. h3 Qd7 37. g4 1-0

[Event "Bad Griesbach Seniors op 14th"]
[Site "Bad Griesbach"]
[Date "2011.12.05"]
[Round "2"]
[White "Slacik, Johann"]
[Black "Weinwurm, Wolfgang"]
[Result "1/2-1/2"]
[WhiteElo "1576"]
[BlackElo "2132"]
[PlyCount "49"]
[EventDate "2011.12.04"]
[EventType "swiss"]
[EventRounds "7"]
[EventCountry "GER"]
[SourceTitle "EXT 2015"]
[Source "ChessBase"]
[SourceDate "2014.11.20"]
[SourceVersion "1"]
[SourceVersionDate "2014.11.20"]
[SourceQuality "1"]

1. d4 Nf6 2. c4 g6 3. g3 Bg7 4. Bg2 0-0 5. Nc3 d6 6. Nf3 Nc6 7. 0-0 a6 8. Re1 Rb8 9. Bf4 b5 10. c5 b4 11. Na4 Nh5 12. Be3 e5 13. cxd6 cxd6 14. dxe5 dxe5 15. Ng5 Nd4 16. Ne4 Bd7 17. Bxd4 exd4 18. Nac5 Bb5 19. Qb3 a5 20. Rad1 Qe7 21. Nd3 Rfd8 22. Rc1 Rdc8 23. Qd5 Rd8 24. Qb3 Rdc8 25. Qd5 1/2-1/2

[Event "Liberec op 10th"]
[Site "Liberec"]
[Date "2009.10.26"]
[Round "3"]
[White "Ni, Viktorija"]
[Black "Slacik, Johann"]
[Result "1-0"]
[WhiteElo "2188"]
[BlackElo "1910"]
[PlyCount "77"]
[EventDate "2009.10.24"]
[EventType "swiss"]
[EventRounds "9"]
[EventCountry "CZE"]
[SourceTitle "EXT 2010"]
[Source "ChessBase"]
[SourceDate "2010.11.25"]
[SourceVersion "1"]
[SourceVersionDate "2010.11.25"]
[SourceQuality "1"]

1. d4 d5 2. c4 e6 3. Nc3 Nf6 4. cxd5 exd5 5. Bg5 c6 6. Qc2 Bd6 7. e3 Nbd7 8. Bd3 h6 9. Bh4 Qc7 10. Nge2 Nh5 11. Rc1 a6 12. Nxd5 Qa5+ 13. Ndc3 Ndf6 14. Qa4 Qxa4 15. Nxa4 Be6 16. Nac3 g5 17. Bg3 Nxg3 18. Nxg3 Nd5 19. Nf5 Bf8 20. a3 Nb6 21. 0-0 Nc4 22. Bxc4 Bxc4 23. Rfd1 Be6 24. e4 Bxf5 25. exf5 Bg7 26. Re1+ Kd7 27. d5 Bxc3 28. dxc6+ bxc6 29. Rxc3 Rab8 30. b4 Rhe8 31. Rd1+ Kc7 32. Rdc1 Rb6 33. g4 Re4 34. h3 Rd4 35. Re1 Rd7 36. Re8 a5 37. bxa5 Rb2 38. a6 Kb6 39. Rb8+ 1-0

[Event "Bad Griesbach Seniors op 11th"]
[Site "Bad Griesbach"]
[Date "2008.12.07"]
[Round "1"]
[White "Erhard, Walter"]
[Black "Slacik, Johann"]
[Result "0-1"]
[WhiteElo "1310"]
[BlackElo "1574"]
[PlyCount "60"]
[EventDate "2008.12.07"]
[EventType "swiss"]
[EventRounds "7"]
[EventCountry "GER"]
[SourceTitle "EXT 2015"]
[Source "ChessBase"]
[SourceDate "2014.11.20"]
[SourceVersion "1"]
[SourceVersionDate "2014.11.20"]
[SourceQuality "1"]

1. d4 d5 2. c4 e6 3. Nc3 Nf6 4. Bg5 Nbd7 5. e3 c6 6. Nf3 Bb4 7. Qc2 Qa5 8. a3 Ne4 9. Rc1 Bxc3+ 10. bxc3 Qxa3 11. Bd3 Nxg5 12. Nxg5 h6 13. Nf3 Qe7 14. 0-0 0-0 15. Nd2 e5 16. cxd5 cxd5 17. e4 dxe4 18. Bxe4 exd4 19. cxd4 Qd6 20. Qb2 Nb6 21. Rfd1 Rb8 22. Nc4 Nxc4 23. Rxc4 Bd7 24. Qc3 b5 25. Qb4 Qxb4 26. Rxb4 a5 27. Rb2 Rfc8 28. Bc2 b4 29. Ra1 a4 30. h3 a3 0-1

[Event "Bad Griesbach Seniors op 09th"]
[Site "Bad Griesbach"]
[Date "2006.12.08"]
[Round "6"]
[White "Bilyavskyy, Borys"]
[Black "Slacik, Johann"]
[Result "1/2-1/2"]
[WhiteElo "1837"]
[BlackElo "1853"]
[PlyCount "101"]
[EventDate "2006.12.03"]
[EventType "swiss"]
[EventRounds "7"]
[EventCountry "GER"]
[SourceTitle "EXT 2015"]
[Source "ChessBase"]
[SourceDate "2014.11.20"]
[SourceVersion "1"]
[SourceVersionDate "2014.11.20"]
[SourceQuality "1"]

1. Nf3 d5 2. d4 Nf6 3. Bg5 e6 4. e3 Nbd7 5. Bd3 Be7 6. Nbd2 c6 7. c3 a5 8. a4 Qc7 9. Qc2 h6 10. Bh4 e5 11. Bg3 Bd6 12. dxe5 Nxe5 13. Nxe5 Bxe5 14. Bxe5 Qxe5 15. Nf3 Qc7 16. h3 b6 17. Nd4 Ba6 18. Bxa6 Rxa6 19. Nf5 g6 20. Ng3 Ra8 21. 0-0 Qe5 22. Rfe1 Ne4 23. Nxe4 Qxe4 24. Qb3 Rb8 25. f3 Qc4 26. Qxc4 dxc4 27. Rad1 Rd8 28. Kf2 Ke7 29. Rd4 Rxd4 30. exd4+ Kd6 31. Rd1 f6 32. f4 b5 33. Ra1 Rb8 34. axb5 Rxb5 35. Ra2 Ke6 36. Kf3 f5 37. g4 Kd5 38. gxf5 gxf5 39. Ra4 c5 40. dxc5 Rxc5 41. Ke3 Rb5 42. Ra1 Kc5 43. h4 h5 44. Ra4 Kd5 45. Ra1 Kc5 46. Rg1 Rxb2 47. Rg5 a4 48. Rxf5+ Kb6 49. Rf6+ Kb7 50. Rf7+ Kb6 51. Rf6+ 1/2-1/2

[Event "Bad Wildungen Seniors op 3rd"]
[Site "Bad Wildungen"]
[Date "2006.08.06"]
[Round "7"]
[White "Slacik, Johann"]
[Black "Josting, Friedel"]
[Result "1/2-1/2"]
[WhiteElo "1722"]
[BlackElo "1800"]
[PlyCount "33"]
[EventDate "2006.07.31"]
[EventType "swiss"]
[EventRounds "9"]
[EventCountry "GER"]
[SourceTitle "EXT 2007"]
[Source "ChessBase"]
[SourceDate "2006.11.23"]
[SourceVersion "1"]
[SourceVersionDate "2006.11.23"]
[SourceQuality "1"]

1. d4 Nf6 2. g3 d5 3. Bg2 g6 4. c4 e6 5. cxd5 exd5 6. Nc3 Nc6 7. Bf4 Bg7 8. Nf3 0-0 9. 0-0 a6 10. Qd2 Bg4 11. Rac1 Ne4 12. Nxe4 dxe4 13. d5 exf3 14. exf3 Bd7 15. dxc6 Bxc6 16. Qc2 Qf6 17. b3 1/2-1/2

[Event "Bad Wildungen Seniors op 3rd"]
[Site "Bad Wildungen"]
[Date "2006.08.01"]
[Round "2"]
[White "Krueger, Manfred"]
[Black "Slacik, Johann"]
[Result "1/2-1/2"]
[WhiteElo "1268"]
[BlackElo "1722"]
[PlyCount "90"]
[EventDate "2006.07.31"]
[EventType "swiss"]
[EventRounds "9"]
[EventCountry "GER"]
[SourceTitle "EXT 2007"]
[Source "ChessBase"]
[SourceDate "2006.11.23"]
[SourceVersion "1"]
[SourceVersionDate "2006.11.23"]
[SourceQuality "1"]

1. e4 c5 2. Nf3 Nc6 3. d4 cxd4 4. Nxd4 e5 5. Nf3 Nf6 6. Nc3 a6 7. a3 b5 8. Bg5 Bb7 9. Nd5 h6 10. Nxf6+ gxf6 11. Be3 Ne7 12. Bd3 d5 13. Be2 dxe4 14. Qxd8+ Rxd8 15. Nd2 Nf5 16. Bb6 Rd6 17. Ba5 e3 18. Nb3 Bxg2 19. Rg1 exf2+ 20. Kxf2 Ba8 21. Rad1 Rxd1 22. Rxd1 Be7 23. Bg4 Nd4 24. Nxd4 exd4 25. Bb6 Be4 26. Rxd4 f5 27. Bf3 Bxc2 28. Bc6+ Kf8 29. Rd7 Bf6 30. Bd5 Rh7 31. Bc5+ Kg8 32. Rc7 Bxb2 33. Rc8+ Kg7 34. Bf8+ Kf6 35. Rxc2 Bd4+ 36. Kf3 Rh8 37. Bb4 Re8 38. Bd2 Kg6 39. Rc6+ f6 40. Rxa6 Bc5 41. Bc6 Rd8 42. Ke2 Rd6 43. Be8+ Kg7 44. Rxd6 Bxd6 45. Bxb5 Bxa3 1/2-1/2

[Event "Chiemgau Seniors Cup 1st"]
[Site "Bergen"]
[Date "2005.10.19"]
[Round "9"]
[White "Klinger, Rudolf"]
[Black "Slacik, Johann"]
[Result "1/2-1/2"]
[WhiteElo "1904"]
[BlackElo "1904"]
[PlyCount "84"]
[EventDate "2005.10.11"]
[EventType "swiss"]
[EventRounds "9"]
[EventCountry "GER"]
[SourceTitle "EXT 2007"]
[Source "ChessBase"]
[SourceDate "2006.11.23"]
[SourceVersion "1"]
[SourceVersionDate "2006.11.23"]
[SourceQuality "1"]

1. e4 c5 2. c3 d5 3. exd5 Qxd5 4. Nf3 e5 5. d3 Nf6 6. Be2 Nc6 7. 0-0 Be7 8. Ng5 Bf5 9. Bf3 Qxd3 10. Qb3 0-0 11. Rd1 Qa6 12. Rd2 h6 13. Nh3 c4 14. Qd1 Rad8 15. g4 Bxb1 16. Rxb1 Qxa2 17. Qc2 Rxd2 18. Bxd2 Rd8 19. Re1 Ba3 20. Bc1 Be7 21. g5 e4 22. gxf6 Bxf6 23. Qxe4 Qa4 24. Qg4 Ne5 25. Qg3 Nxf3+ 26. Qxf3 Qb5 27. Bxh6 Qxb2 28. Bg5 Qxc3 29. Qxc3 Bxc3 30. Bxd8 Bxe1 31. Kf1 Bc3 32. Ke2 a5 33. Kd1 b5 34. Kc2 Be1 35. f3 a4 36. Ng1 b4 37. Ne2 a3 38. Nc1 Kf8 39. Bg5 f6 40. Be3 Bc3 41. Bc5+ Kf7 42. Kb1 Ke6 1/2-1/2

[Event "Traum Seniors op 12th"]
[Site "Oberstdorf"]
[Date "2005.07.13"]
[Round "6"]
[White "Slacik, Johann"]
[Black "Winkler, Hans"]
[Result "0-1"]
[WhiteElo "1574"]
[BlackElo "1689"]
[PlyCount "68"]
[EventDate "2005.07.08"]
[EventType "swiss"]
[EventRounds "9"]
[EventCountry "GER"]
[SourceTitle "EXT 2007"]
[Source "ChessBase"]
[SourceDate "2006.11.23"]
[SourceVersion "1"]
[SourceVersionDate "2006.11.23"]
[SourceQuality "1"]

1. d4 Nf6 2. Nf3 g6 3. c4 Bg7 4. Nc3 d5 5. e3 c5 6. dxc5 Qa5 7. Qa4+ Qxa4 8. Nxa4 dxc4 9. Bxc4 Bd7 10. Nc3 Nc6 11. a3 Na5 12. Ba2 Nc6 13. Bd2 Bf5 14. 0-0 0-0 15. Nd4 Bd3 16. Nxc6 bxc6 17. Rfe1 Rab8 18. b3 Ne4 19. Nxe4 Bxa1 20. Rxa1 Bxe4 21. f3 Bd5 22. Rb1 Rfd8 23. Ba5 Rd7 24. Rd1 Rbb7 25. Kf2 Be6 26. Rb1 Rb5 27. Bb4 Rxb4 28. axb4 Rd2+ 29. Kg3 Rxa2 30. b5 cxb5 31. b4 Ra6 32. Kf4 f6 33. h4 h6 34. Ke4 Bf5+ 0-1

[Event "Traum Seniors op 12th"]
[Site "Oberstdorf"]
[Date "2005.07.10"]
[Round "3"]
[White "Slacik, Johann"]
[Black "Gestrich, Wolfgang"]
[Result "1-0"]
[WhiteElo "1574"]
[BlackElo "1404"]
[PlyCount "93"]
[EventDate "2005.07.08"]
[EventType "swiss"]
[EventRounds "9"]
[EventCountry "GER"]
[SourceTitle "EXT 2007"]
[Source "ChessBase"]
[SourceDate "2006.11.23"]
[SourceVersion "1"]
[SourceVersionDate "2006.11.23"]
[SourceQuality "1"]

1. d4 Nf6 2. c4 d6 3. Nc3 e5 4. dxe5 dxe5 5. Qxd8+ Kxd8 6. Bg5 Nbd7 7. 0-0-0 Bd6 8. Ne4 Ke7 9. f3 h6 10. Bh4 g5 11. Nxd6 cxd6 12. Bf2 b6 13. e4 Bb7 14. Ne2 Rac8 15. Nc3 a6 16. Kb1 Nc5 17. Be2 Rhd8 18. Be3 Bc6 19. h4 Rg8 20. hxg5 hxg5 21. g4 Rcd8 22. b3 Nfd7 23. Rh5 Ne6 24. Nd5+ Bxd5 25. cxd5 Nf4 26. Bxf4 gxf4 27. Bxa6 Rh8 28. Rdh1 Rxh5 29. Rxh5 Nf6 30. Rh1 Nd7 31. b4 Nf8 32. Kb2 Ng6 33. Kb3 Rh8 34. Rxh8 Nxh8 35. a4 Kd8 36. Be2 Kc7 37. g5 Kb7 38. Kc3 Ng6 39. Kd2 Nh4 40. Ke1 Ng2+ 41. Kf2 Nh4 42. Bb5 Ng6 43. Kg2 Nh4+ 44. Kf2 Ng6 45. Be8 Nh8 46. Kg2 Kc7 47. Kh3 1-0

[Event "Traum Seniors op 12th"]
[Site "Oberstdorf"]
[Date "2005.07.09"]
[Round "2"]
[White "Luebbers, Doris"]
[Black "Slacik, Johann"]
[Result "1/2-1/2"]
[WhiteElo "1442"]
[BlackElo "1574"]
[PlyCount "63"]
[EventDate "2005.07.08"]
[EventType "swiss"]
[EventRounds "9"]
[EventCountry "GER"]
[SourceTitle "EXT 2007"]
[Source "ChessBase"]
[SourceDate "2006.11.23"]
[SourceVersion "1"]
[SourceVersionDate "2006.11.23"]
[SourceQuality "1"]

1. d4 d5 2. Nf3 Nf6 3. e3 e6 4. c4 c6 5. Nc3 Nbd7 6. Bd3 Bb4 7. 0-0 0-0 8. cxd5 exd5 9. a3 Ba5 10. Bd2 Re8 11. b4 Bc7 12. Qc2 Nf8 13. Rad1 Bg4 14. Be2 Ne4 15. Bc1 Bf5 16. Qb2 Re6 17. Nxe4 dxe4 18. Ne5 Qg5 19. f4 Qh4 20. Rf2 Bxe5 21. dxe5 Rg6 22. Bf1 Re6 23. Rd4 Qe7 24. Rfd2 g5 25. g3 gxf4 26. exf4 c5 27. Rd6 cxb4 28. Qxb4 b6 29. R2d4 Rc8 30. Rc4 Rxc4 31. Bxc4 Rxd6 32. Qxd6 1/2-1/2

[Event "Bayern-ch Seniors 17th"]
[Site "Schloss Schney"]
[Date "2005.06.13"]
[Round "4"]
[White "Schmidt, Wolfgang4"]
[Black "Slacik, Johann"]
[Result "0-1"]
[WhiteElo "1606"]
[BlackElo "1560"]
[PlyCount "104"]
[EventDate "2005.06.10"]
[EventType "swiss"]
[EventRounds "9"]
[EventCountry "GER"]
[SourceTitle "EXT 2006"]
[Source "ChessBase"]
[SourceDate "2005.11.24"]
[SourceVersion "1"]
[SourceVersionDate "2005.11.24"]
[SourceQuality "1"]

1. d4 d5 2. Nf3 e6 3. e3 Nf6 4. Bd3 Bd6 5. c3 Nbd7 6. Nbd2 0-0 7. h3 Re8 8. 0-0 c5 9. Bb1 e5 10. dxe5 Bxe5 11. Nxe5 Nxe5 12. Nf3 Nxf3+ 13. Qxf3 Ne4 14. Bc2 Re5 15. Bxe4 dxe4 16. Qe2 Be6 17. f4 Rd5 18. g4 Qh4 19. Kh2 f5 20. g5 Rad8 21. b3 Bf7 22. Qf2 Qh5 23. Qg2 c4 24. Ba3 Rd3 25. Be7 R8d7 26. Bf6 gxf6 27. Rf2 Rxe3 28. bxc4 Rdd3 29. gxf6+ Bg6 30. Rh1 Rxc3 31. Rb2 Rxh3+ 32. Kg1 Rc1+ 33. Kf2 Rhxh1 34. Ke3 Qf3+ 35. Qxf3 exf3 36. Rxb7 Rxc4 37. Rxa7 f2 38. Kxf2 Rh3 39. Rg7+ Kf8 40. Re7 Rc2+ 41. Kg1 Rd3 42. Re1 Rxa2 43. f7 Bxf7 44. Rc1 Rg3+ 45. Kf1 Rf3+ 46. Kg1 Rxf4 47. Kh1 Raf2 48. Kg1 h5 49. Rc8+ Kg7 50. Rc3 h4 51. Rc7 h3 52. Ra7 Rg2+ 0-1

[Event "Bayern-ch Seniors 17th"]
[Site "Schloss Schney"]
[Date "2005.06.11"]
[Round "2"]
[White "Groenegress, Wilfried"]
[Black "Slacik, Johann"]
[Result "1-0"]
[WhiteElo "2049"]
[BlackElo "1560"]
[PlyCount "111"]
[EventDate "2005.06.10"]
[EventType "swiss"]
[EventRounds "9"]
[EventCountry "GER"]
[SourceTitle "EXT 2006"]
[Source "ChessBase"]
[SourceDate "2005.11.24"]
[SourceVersion "1"]
[SourceVersionDate "2005.11.24"]
[SourceQuality "1"]

1. e4 c5 2. Nf3 Nc6 3. c3 e6 4. d4 d5 5. e5 Bd7 6. Bd3 Qb6 7. dxc5 Bxc5 8. 0-0 Nge7 9. b4 Nxb4 10. cxb4 Bd4 11. Nxd4 Qxd4 12. Qb3 Nc6 13. Bb2 Qxb4 14. Na3 a6 15. Nc2 Qxb3 16. axb3 0-0 17. f4 Rfc8 18. Rfc1 h5 19. Nd4 Nb4 20. Be2 g6 21. Rxc8+ Rxc8 22. Rc1 Rxc1+ 23. Bxc1 Kg7 24. Bd2 Nc6 25. Nxc6 Bxc6 26. Bb4 f5 27. exf6+ Kxf6 28. Bd6 a5 29. Be5+ Ke7 30. Bd3 Kf7 31. g3 b5 32. Kf2 b4 33. Ke3 a4 34. bxa4 Bxa4 35. Bd6 Bd1 36. Bxb4 Bg4 37. Kd4 Bf3 38. Ke5 Bg2 39. Kd6 Bh3 40. Bc3 Bg4 41. Kc7 Bh3 42. Kd8 Bg4 43. Bb5 Bf5 44. Bd4 Kf8 45. Be8 Be4 46. Bc5+ Kg7 47. Ke7 Bf5 48. Bf7 Kh6 49. h4 Kh7 50. Bxe6 Be4 51. Kd6 d4 52. Bxd4 Bb1 53. Ke7 Bd3 54. Kf8 g5 55. f5 gxh4 56. gxh4 1-0

[Event "Bayern-ch Seniors 17th"]
[Site "Schloss Schney"]
[Date "2005.06.10"]
[Round "1"]
[White "Klose, Hans Peter"]
[Black "Slacik, Johann"]
[Result "0-1"]
[WhiteElo "1463"]
[BlackElo "1560"]
[PlyCount "54"]
[EventDate "2005.06.10"]
[EventType "swiss"]
[EventRounds "9"]
[EventCountry "GER"]
[SourceTitle "EXT 2006"]
[Source "ChessBase"]
[SourceDate "2005.11.24"]
[SourceVersion "1"]
[SourceVersionDate "2005.11.24"]
[SourceQuality "1"]

1. d4 d5 2. Nf3 Nf6 3. e3 c6 4. Bd3 Nbd7 5. 0-0 e6 6. Nbd2 Bd6 7. c4 0-0 8. cxd5 exd5 9. Re1 Re8 10. e4 dxe4 11. Nxe4 Nxe4 12. Rxe4 Rxe4 13. Bxe4 Nf6 14. Bd3 Bg4 15. h3 Bxf3 16. Qxf3 Qb6 17. Qd1 Re8 18. b3 Bb4 19. Be3 Nd5 20. Bxh7+ Kxh7 21. Qd3+ g6 22. Bd2 Bxd2 23. Qxd2 Re4 24. Qd3 Qxd4 25. Qf3 Qxa1+ 26. Kh2 Qe5+ 27. g3 Kg7 0-1